Omše Slovenského misála

Bibliographic Details
Format: Book
Language:Slovak
PhysicalDescription:608 s. 25 cm
Published: Bratislava Trnava CN Spolok sv. Vojtecha 1976
Edition:[1. vyd.]
Subjects:

MARC

LEADER 00000cam a2200000 a 4500
001 vtls001105774
003 SK-MaSNL
005 20260301001352.0
008 180814s1976 xo g 00000 slo
015 |a SNBA1976 
020 |q (viaz.) 
035 |a SNK000048616 
040 |a SNK  |b slo  |c SNK  |e AACR2 
041 0 |a slo 
044 |a xo  |c SK 
080 |a 282:264+265  |2 1981 
080 |a 264  |2 1981 
080 |a 265  |2 1981 
245 0 0 |a Omše Slovenského misála 
250 |a [1. vyd.] 
260 |a Bratislava  |b CN  |a Trnava  |b Spolok sv. Vojtecha  |c 1976 
300 |a 608 s.  |c 25 cm 
610 2 7 |a Rímsko-katolícka cirkev  |2 SNKKA  |9 279572 
650 0 7 |a omše  |2 SNKPH  |9 31382 
650 0 7 |a misály  |2 SNKPH  |9 2013 
655 7 |a texty  |2 SNKPH  |9 70511 
958 |a OND 
958 |a TL 
999 |c 534745  |d 536675 
952 |a SNK  |b SNK  |y PREZ  |7 0  |p 17A0942853  |o snkSB 24935  |i snkKSP 2531/77  |0 0  |1 0  |4 0  |d 2014-06-23  |f 1  |l 0  |r 2026-02-23 12:21:44  |w 2026-02-23 
952 |a SNK  |b SNK  |y VYP  |7 0  |o snkSB 24935 D1  |i snkKSP 2532/77  |0 0  |1 0  |4 0  |d 2014-06-23  |l 0  |r 2026-02-23 12:21:44  |w 2026-02-23